[Event "London Classic 9th"]
[Site "London"]
[Date "2017.12.04"]
[Round "3.3"]
[White "Aronian, Levon"]
[Black "Karjakin, Sergey"]
[Result "1/2-1/2"]
[WhiteElo "2805"]
[BlackElo "2782"]
[Annotator "Saunders, John"]
[PlyCount "65"]
[EventDate "2017.12.01"]
[EventType "tourn"]
[EventRounds "9"]
[EventCountry "ENG"]
[EventCategory "22"]

1. d4 Nf6 2. c4 e6 3. g3 Bb4+ 4. Bd2 {A Bogo-Indian - in my view the most
infelicitous of all the names of chess openings, but that is no criticism of
its soundness. Or is it a Catalan?} Be7 5. Bg2 d5 6. Nf3 O-O 7. O-O Nbd7 8. Na3
{This lurch to the edge of the board would, I'm feel sure, bring down the
condemnation of all right-thinking players were it played by anyone other than
Aronian, or perhaps Carlsen. But when Levon (I'm tempted to dub him 'the wily
Armenian' but that cliche belongs in perpetuity to Tigran Petrosian) plays it,
we have to take it seriously. Maybe not too seriously, as Aronian was in
puckish mood when talking to Maurice Ashley after the game, hinting that he
was chancing his arm or being generally provocative.} c6 9. Rc1 Ne4 10. Be3 f5
({Actually, I was being a little puckish myself in the previous note since
Aronian had played all this before in a notable win against Anish Giri at Wijk
aan Zee earlier this year. That game had continued} 10... Bxa3 11. bxa3 Nd6 12.
c5 Nc4 13. Rxc4 dxc4 14. Qc2 h6 {and White soon gave up the exchange for some
attacking play which was good enough to sink the peace-loving Dutchman.
Incidentally, this reminds me that Anish Giri was moved to make a laconic
comment about this tournament on Twitter today. It read "LOL @london_chess". I
imagine he is happy because he is witnessing tangible progress towards his
goal of eliminating the decisive result from competition chess.}) 11. Rc2 a5 {
[#]It is fair to say that the grandmaster VIPs in the VIP Room were
dumbfounded by Aronian's strategy in this game. More than that, they were
scathing. Commentator Julian Hodgson's voice goes falsetto when he is
unconvinced by someone's play and I think he was close to hitting top C when
disparaging White's ramshackle arrangement on the queenside. One lone voice in
the auditorium, arbiter (but, I hope he will forgive me for emphasising this,
not a grandmaster) David Sedgwick thought Aronian might be preparing to deploy
the queen along the first rank, plumping for c1. "c1?" said an incredulous
Julian Hodgson to the assembled audience in the room, and the debate continued.
.. time passes...} 12. Qc1 {At this point I bore witness to one of the most
remarkable things I have ever seen at a chess congress - the sight of the
sedate, gentlemanly, almost Churchillian, figure of David Sedgwick punching
the air in triumph several times like a gladiator and displaying more physical
vigour packed into a few seconds than I have seen from him in total over the
course of the 45 years that I have known him. Can the fact that David recently
became chess champion of the Gambia have changed his personality?} Bf6 13. Rd1
g5 {At this point we should break off and acknowledge that both players were
genuinely going for it in this game and must be exonerated of the blanket
criticism that tends to be levelled at players involved in tournament that
feature rather too many draws. This is a genuine struggle.} 14. Nb1 Rf7 15. Nc3
{I'm quite sure that if I'd played this Na3-b1-c3 stuff during my team chess
career, I would have been mercilessly ragged by my team-mates for years
afterwards. But I suppose the argument is that the position is closed,
therefore this kind of Fabian strategy is feasible. But don't try it at home,
children.} Rg7 16. Ne1 Nd6 17. b3 dxc4 18. Na4 $5 {Here we go again - a
super-GM casts away a pawn for no reason that is immediately apparent to
anyone rated below 2700. It was actually quite a remarkable round for pawn
sacrifices, and just a bit unfortunate that none of them was good enough to
net a full point.} cxb3 19. axb3 {Straining one's grey matter more than is
comfortable, the idea seems to be that the pressure along the c-file and the
h1-a8 diagonal is such that Black is unlikely to be able to advance his b-pawn.
The whole queenside is thus stymied so White has considerable positional
pressure for the pawn.} Nb5 20. Nd3 $5 {Aronian offers a second pawn to an
opponent who is renowned for his defensive abilities.} Qe8 ({If Black is
tempted to take on d4, he has to reckon on considerable pressure down the
d-file and associated tactical tricks after, say,} 20... Bxd4 21. Ndc5 {
, etc. It's all a bit nebulous but Aronian thrives on this sort of messiness.})
21. Ne5 f4 $1 {Black wants to open the g-file to secure counterplay.} (21...
Nxe5 22. dxe5 Bxe5 23. Bxg5 {gives White too much play, while}) (21... Bxe5 22.
dxe5 Nxe5 23. Rcd2 $5 {could be even worse.}) 22. gxf4 gxf4 23. Bxf4 Nxd4 $1
24. Rxd4 Nxe5 {Black threatens 25...Nf3+ winning the exchange so White must
lose a tempo with the d4-rook.} 25. Rd1 Qg6 26. Bg3 h5 27. Nb6 Rb8 28. Rcd2 Nf7
$1 ({The b8-rook is safe from capture as Black has the threat of ...Qxg2 mate.
} 28... h4 29. Rd8+ Bxd8 30. Rxd8+ Kh7 31. Nxc8 {is a brief flurry of
excitement but which boils down to equality.}) 29. Qc5 ({This is incredibly
risky. Better to play} 29. Qb1 {or 29.Qc2 to get the queens off and relieve
the pressure along the g-file.}) 29... e5 ({After} 29... h4 {it looks as
though White is obliged to play} 30. Qxa5 hxg3 31. hxg3 {and rely on rounding
up the stranded b8-rook. Or else simply keep the rook and bishop tied up in
perpetuity.}) 30. Qc4 Kh8 (30... h4 $2 31. Rd8+ Bxd8 ({if} 31... Kh7 32. Rxc8
Rxc8 {and now} 33. Be4 $1 {is the very sharp point}) 32. Rxd8+ Kh7 33. Qxh4+ {
extinguishing Black's kingside play and getting ready to snaffle the c8-bishop.
}) 31. h4 Bf5 32. Nd7 Rbg8 33. Kh1 $4 {[#]} (33. Kh1 {The watching world
suddenly became excited when their computers suddenly registered a big blunder
by White, with} Be7 $1 {being the computer's killer move. That said, it is not
at all obvious to humans, and neither player saw it over the board. What the
watching audience didn't know immediately was that the king move was
accompanied by a draw offer, which Karjakin, in time trouble, accepted.}) ({
White had to try} 33. Nxf6 Qxf6 34. Qc5 {though he's still under some pressure.
}) 1/2-1/2

[Event "London Classic 9th"]
[Site "London"]
[Date "2017.12.05"]
[Round "4.3"]
[White "Karjakin, Sergey"]
[Black "Caruana, Fabiano"]
[Result "0-1"]
[WhiteElo "2782"]
[BlackElo "2780"]
[PlyCount "84"]
[EventDate "2017.12.01"]
[EventType "tourn"]
[EventRounds "9"]
[EventCountry "ENG"]
[EventCategory "22"]

1. e4 c5 {The Sicilian is a good way to show his disdain for Giri's mocking
advice to 'stay solid'.} 2. Nf3 e6 3. d4 cxd4 4. Nxd4 Nc6 5. Nc3 Qc7 6. Be3 a6
7. Qf3 {This became trendy about four years ago as super-GMs sought ways to
avoid the main highways of theory. Karjakin has played it before and so has
Caruana.} Ne5 8. Qg3 b5 (8... h5 {immediately, to harass the queen or support
a knight on g4, is more popular, when} 9. f3 b5 10. O-O-O d6 11. f4 Ng4 12. e5
dxe5 13. fxe5 Nxe3 14. Qxe3 Bd7 {was Karjakin-Giri, Tashkent FIDE Grand Prix
2014, which White won.}) 9. O-O-O Nf6 10. f4 Neg4 11. Bg1 h5 12. e5 b4 {
Black is obliged to counter with this as otherwise his knight would need to
retreat to g8.} 13. Na4 Nd5 (13... Qa5 $6 {might look tempting but then} 14.
exf6 Qxa4 15. fxg7 Bxg7 16. h3 Qxa2 17. hxg4 Qa1+ 18. Kd2 Qxb2 19. Ke2 {
and Black is unlikely to get enough compensation for the sacrificed piece.})
14. Nb3 {"This doesn't really work out for White," said a well-prepared
Caruana after the game.} Bb7 15. Nac5 {[#]} Bc6 $5 ({Leaving the known
universe and posing White a few questions. Not insoluble ones but it
contributed to running Karjakin's clock down, while Caruana had been playing
very quickly to here.} 15... Rc8 16. Bd3 a5 17. Kb1 Bc6 18. Na6 Qd8 19. Nd4 a4
{was played in a blitz game between Nepomniachtchi and Wang Yue in Beijing in
2014 and ended in a draw.}) 16. Ne4 ({White has a lot of options. If} 16. Nxa6
Qc8 17. Nac5 Rxa2 {and it is probably a bit better for Black.}) (16. Bxa6 $2 d6
$1 17. exd6 Bxd6 {and Black is close to winning with the threats to take on f4
and powerfully-placed bishops.}) (16. h3 Nh6 {and the knight comes to f5}) (16.
Bd3 {allows Black to make progress on the queenside with} a5) 16... f5 17. h3
$2 ({From here things started to get problematic for White. In fact, he loses
a pawn by force. Karjakin admitted he didn't know what to do here, but} 17.
exf6 gxf6 18. h3 Qxf4+ 19. Qxf4 Nxf4 {looks reasonably OK for White and at
least is better than the move played.}) 17... h4 18. Qe1 ({Not} 18. Qf3 Nde3 $1
{when ...Nxd1 and ...Bxe4 are the twin threats.}) 18... fxe4 19. hxg4 Nxf4 {
The e5-pawn goes too.} 20. Rxh4 (20. Bd4 Be7 {holds the h-pawn and gets ready
for Bg5.}) 20... Rxh4 21. Qxh4 Qxe5 22. Bd4 Ng6 $1 23. Qh3 (23. Bxe5 Nxh4 {
leaves Black with a healthy extra pawn.}) 23... Qg5+ 24. Kb1 Bd5 25. Bg1 {
"A terrible move but already I didn't think I could have compensation." 
(Karjakin)} Be7 26. g3 $2 {Weakening the f3 square, which Black is quick to
exploit. Karjakin failed to live up to his 'Minister of Defence' nickname,
earned against Carlsen, in this game.} Ne5 27. Be2 Nf3 28. Bxf3 ({Giving up
bishop for knight and straightening out Black's doubled pawns doesn't look
promising. Maybe parking the bishop away from the knight's influence with} 28.
Bb6 {was better, though Black can continue with} a5 {since White can hardly
take on a5.}) 28... exf3 29. Bd4 Kf7 30. Nc1 d6 {It is just a matter of
shuffling his central pawns forward to support the f3-pawn for Black. White
has little by way of an active plan.} 31. Nd3 e5 32. Bf2 Be6 33. Nxb4 e4 34.
Qh1 Rc8 35. Nxa6 {[#]Curiously, White goes a pawn ahead after this but a more
important factor in the position is the dominance of Black's central pawns,
not to mention the strong position of his other pieces.} Qa5 {Though White now
has a mini-combination to save the greedy knight, it involves exchanging
queens, thus facilitating Black's task.} 36. Qh5+ Qxh5 37. gxh5 Bg5 38. Re1 ({
After} 38. Rxd6 {White would be two pawns up but then} e3 {and Black's two
connected passed pawns each two squares from queening, plus an immediate
threat to a piece, adds up to about a queen's worth of value.}) 38... Bc4 39.
Nb4 Re8 40. Re3 {A forlorn attempt to blockade the pawns. White was probably
just focused on making the time control.} Bxe3 41. Bxe3 Re5 42. g4 Rg5 {
Seeing as Black is simply barrelling his way through White's defences,
ignoring White's empty threats, it is a good moment to resign.} 0-1

[Event "London Classic 9th"]
[Site "London"]
[Date "2017.12.06"]
[Round "5.1"]
[White "Caruana, Fabiano"]
[Black "Anand, Viswanathan"]
[Result "1-0"]
[WhiteElo "2780"]
[BlackElo "2770"]
[Annotator "Saunders, John"]
[PlyCount "77"]
[EventDate "2017.12.01"]
[EventType "tourn"]
[EventRounds "9"]
[EventCountry "ENG"]
[EventCategory "22"]

1. e4 e5 2. Nf3 Nc6 3. Bb5 Nf6 {The Berlin Wall goes up. Which reminds me, in
March 2018 eight candidates will assemble in Berlin to decide the challenger
to Magnus Carlsen's world title, but Vishy Anand will not be one of them. Four
of the Candidates - Karjakin, Aronian, Caruana and So - are in the current
London line-up.} 4. d3 {This way of avoiding the Berlin endgame is starting to
become the more fashionable treatment against the Berlin though 4.0-0 still
heavily outnumbers it on the database.} Bc5 5. Nc3 ({At an adjacent board} 5.
Bg5 {was being played by Carlsen against Wesley So.}) 5... O-O 6. Bxc6 dxc6 7.
h3 Nd7 8. Be3 Bd6 9. Ne2 (9. Qd2 c5 10. O-O Nb8 11. Nh2 Nc6 {was the
continuation in Adams-Caruana at the Gashimov Memorial tournament in Shamkir
in 2015 and ended in a fairly uneventful draw.}) 9... Re8 (9... c5 10. Ng3 {
has been played for White by So and Karjakin.}) 10. g4 $5 {Aggressive intent
from Caruana, though it could be said to weaken kingside squares and make it
impossible to castle on that side. No matter: White intends to castle on the
other side.} Nc5 11. Ng3 Ne6 12. Nf5 {Engines tend to favour Black but this
may be because they value bishops above knights rather more than is strictly
logical.} c5 13. h4 {[#]GM Simon Williams is not on commentary duty at the
Classic, busy playing his own chess in the open tournament, but I can easily
imagine him getting animated at the sight of this h-pawn being launched down
the board. And rightly so - it's good, brave chess from Caruana.} a5 14. h5 {
There goes 'Harry' - I'm starting to channel my own internal GingerGM. It
feels good.} Ra6 {The rook keeps a wary eye on what's happening on the other
side of the board.} 15. Qd2 Nd4 16. Rh3 Bf8 17. O-O-O Be6 18. Kb1 f6 ({I've a
feeling that most amateurs, including me, would be thinking "he's attacking me
on the kingside so I ought to be countering on the queenside and play} 18... b5
{or perhaps 18...a4. Anand prefers to make a precautionary move on the
kingside, though it might also be viewed as a target for White's pawn front to
chip at. These are all difficult positional decisions which engines can't
necessarily help you with. But perhaps the scary new AI chess engine AlphaZero
could, given the odd ten minutes or so to think about it.}) 19. c3 Nxf3 20.
Rxf3 c4 21. Qc2 ({Watching this in real time, with benefit of silicon, I
favoured} 21. d4 {but after} exd4 22. Bxd4 c5 23. Be3 Qxd2 24. Rxd2 a4 {
and White has nothing special. The e4-pawn looks a bit vulnerable.}) 21... cxd3
22. Rxd3 Qc8 23. g5 {White forces open the g-file, which proves to be highly
advantageous later, though it perhaps shouldn't have been had Black played
better.} fxg5 24. Bxg5 Bf7 25. h6 {White is determined to open up the g-file
for future operations. He's playing with great self-confidence, perhaps buoyed
up by his win of the previous day.} gxh6 26. Bc1 {The equation is simply:
White has given up a pawn but it is only doubled and on the edge of the board.
His king is reasonably safe but his opponent's potentially vulnerable, though
not at this exact moment in time. It looks like a good value sac but will need
accurate following up.} Qe6 {Black has counterplay and here he forces a
weakening of White's queenside pawn structure.} 27. b3 a4 28. c4 axb3 29. axb3
{Now Black has engineered a dangerous open file for his rooks for himself, so
the position is delicately balanced, with all three results still possible.}
Qc6 30. Rg3+ Kh8 31. Rd1 b5 {[#]} 32. c5 ({Instead} 32. Bb2 {is the engine's
favourite and, after} bxc4 {, the surprising} 33. Rd8 $5 {when I'll leave the
reader to work out the various tactics available should Black be unwise enough
to capture anything. But Black can continue blithely with} Ra5 {when the
computer register +0.00 and equality.}) 32... b4 $6 ({Anand thought for six of
his remaining 24 minutes on this but both players thought it was the start of
the slide for Black.} 32... Qxc5 33. Qxc5 Bxc5 34. Rd7 Bg6 35. Bxh6 Bf8 {
is nothing special for White. "After 32...b4 all my moves were blunders," said
a despondent Vishy.}) 33. Bb2 Bg6 $2 (33... Ra5 {is the only way to go, though
White again has the scary} 34. Rd8 $1 {when Black must play} Qxc5 35. Rxe8
Qxc2+ 36. Kxc2 Bxe8 37. f4 Bg6 38. fxe5 {which is maybe not as bad as it looks.
}) 34. Rd5 {After this, Black is probably just lost because the threats to e5.}
Qb5 ({If} 34... Bxf5 $2 35. Rxe5 $1 {is devastating.}) 35. Rg1 c6 (35... Bg7
36. Nxg7 Kxg7 37. f4 $1 {is a winner.}) 36. Rxe5 Rxe5 37. Bxe5+ Kg8 38. Bd4 (
38. Bb2 {, preparing to get the queen to d8 via d2, is more conclusive.}) 38...
Kf7 39. Nh4 {[#]Caruana was surprised by Anand's resignation at this point but
it is clear that White should win fairly quickly as Black can't really prevent
inroads into his kingside in a move or two.} 1-0